000 00273nam a22000977a 4500
008 241204b |||||||| |||| 00| 0 eng d
020 _a9789386826473
100 _aDikshit Sheila
_97819
245 _aCitizen Delhi My Times, My Life
260 _bNew Delhi
_cBloomsbury India
_d2018
999 _c12721
_d12721